00350cam a22001213 4500020001800000020001500018040001000033082002600043245005200069260003500121300001200156710006000168 a9789251066751 a9251066752 cBTCTA a639 FOO 2011 A090 Or.00aState of World Fisheries and Aquaculture, 2010. bFood & Agriculture Org,c2011. ap.ccm.2 aFood and Agricuture Organization of the United Nations.